| 000 | 00493nam a2200181Ia 4500 | ||
|---|---|---|---|
| 008 | 100920s9999 xx 000 0 und d | ||
| 082 |
_b37149 _a7 थ 73 |
||
| 100 | _aTranslation by-SHAROVSKY ARTHUR. | ||
| 245 | _aEverything but Love. | ||
| 260 |
_bMIR PUBLISHERS, MOWCOW. _c1973 |
||
| 300 |
_a170 _bसाधी |
||
| 365 | _b4 | ||
| 520 | _aस्टोरी. | ||
| 630 | _aEverything but Love. | ||
| 650 | _aस्टोरी. | ||
| 730 | _aEverything but Love. | ||
| 942 | _cBOOK | ||
| 999 |
_c689848 _d689845 |
||